000 00937nam a2200313Ia 4500
003 OSt
005 20221006142419.0
006 a|||||r|||| 00| 0
007 ta
008 221006b |||||||| |||| 00| 0 eng d
020 _c
_5.00
024 _a6,325
037 _cTextual
040 _aEASL
_cEASL
_beng
041 _2eng
_aeng
082 _aY.495.N5, J6
100 _aMcCUNE Shannon
_9345241
245 0 _aKorea's heritage
_b A regional & social geography
260 _aTokyo
_bCharles E. Tuttle Company Japan
_c1959
300 _a250p.
_ccm.
490 _v KEL
650 _a Korea - Economics
_9647689
650 _a Korea - Historical development of
_9647690
650 _a Korea - Population statistics
_9647691
650 _a Korea - Regions - South and North
_9647692
650 _aKorea - Land and people
_9647693
942 _hY.495.N5, J6
_cTEXL
_2CC
999 _c1074411
_d1074411